Bytový dom
Saved in:
| Main Author: | |
|---|---|
| Other Authors: | |
| Format: | Manuscript Book |
| Language: | Slovak |
| Published: |
2015
|
| Subjects: | |
| Online Access: | http://is.stuba.sk/zp/portal_zp.pl?podrobnosti=91438 https://opac.crzp.sk/?fn=detailBiblioForm&sid=FF44C990A7CA883E4C895E929FD7 |
| Tags: |
No Tags, Be the first to tag this record!
|
MARC
| LEADER | 00000ntm a22000003a 4500 | ||
|---|---|---|---|
| 001 | stuzp50567 | ||
| 003 | SK-STU | ||
| 005 | 20230822102819.1 | ||
| 007 | ta | ||
| 008 | 150427s2015----xo-----f-mn---000-0-slo-d | ||
| 040 | |a STU |b slo | ||
| 041 | 0 | |a slo | |
| 100 | 1 | |a Žember, Michal |u 010180 |4 aut |U SvF Stavebná fakulta |T SvF Katedra konštrukcií pozemných stavieb |X 42249 |U V180 |Y 18 |7 42249 | |
| 242 | 0 | 1 | |a Apartment houses |y eng |
| 245 | 1 | 0 | |a Bytový dom |
| 260 | |c 2015 | ||
| 650 | 4 | |a bytový dom |2 slo | |
| 650 | 4 | |a bakalárska práca |2 slo | |
| 650 | 4 | |a realizačný projekt |2 slo | |
| 650 | 4 | |a apartment houses |2 eng | |
| 650 | 4 | |a bachelor thesis |2 eng | |
| 650 | 4 | |a realisation project |2 eng | |
| 700 | 1 | |a Minarovičová, Katarína |4 ths |X 773 |7 A000000773 | |
| 856 | 4 | |u http://is.stuba.sk/zp/portal_zp.pl?podrobnosti=91438 | |
| 856 | 4 | |u https://opac.crzp.sk/?fn=detailBiblioForm&sid=FF44C990A7CA883E4C895E929FD7 | |
| SQL | |a stuzp50567 |b DBP |c SLO |d Bytový dom |e 42249 |f Žember, Michal |g 010180 |h 773 |i Minarovičová, Katarína |j 20150624 |k 4 |l 01 |m http://is.stuba.sk/zp/portal_zp.pl?podrobnosti=91438 |n B-PSA |o 5.1.4. pozemné stavby, 5.1.1. architektúra a urbanizmus | ||